| 000 | 00872cam a2200265 i 4500 | ||
|---|---|---|---|
| 001 | bg | ||
| 003 | KOSZ 005 | ||
| 005 | 20250523063414.0 | ||
| 008 | 991116s1982 pl a f f |001 0 pol | ||
| 015 | _aPB 1982/2241 | ||
| 020 | _a8301036990 | ||
| 040 |
_aWA N _cKOSZ 005/HR _dKOSZ 005/HR |
||
| 080 | _a519 | ||
| 080 | _a(075.8+076) | ||
| 100 | 1 |
_aGreń, Jerzy _d(1936-1985) |
|
| 245 | 1 | 0 |
_aStatystyka matematyczna : _bmodele i zadania / _cJerzy Greń. |
| 250 | _aWyd. 7. | ||
| 260 |
_aWarszawa : _bPańst. Wydaw. Naukowe, _c1982. |
||
| 300 |
_a363, [1] s. : _bil. tab. wykr. ; _c21 cm. |
||
| 504 | _aBibliogr. s. 354. - Indeks. | ||
| 655 | 4 | _aĆwiczenia i zadania dla szkół wyższych | |
| 650 | 4 | _aStatystyka matematyczna | |
| 856 |
_uhttp://koha.tu.koszalin.pl/cgi-bin/koha/opac-detail.pl?biblionumber=1795 _yKatalog online BPK |
||
| 942 |
_2UKD _cKS |
||
| 999 |
_c1795 _d1795 |
||